The Economics of Offsets Defence Procurement and Coutertrade (Record no. 620116)

MARC details
000 -LEADER
fixed length control field 00443nam a22001577a 4500
008 - FIXED-LENGTH DATA ELEMENTS--GENERAL INFORMATION
fixed length control field 260427b |||||||| |||| 00| 0 eng d
020 ## - INTERNATIONAL STANDARD BOOK NUMBER
ISBN 9783718657827
Paper back/Hardbound pbk
082 ## - DEWEY DECIMAL CLASSIFICATION NUMBER
Classification number 382.456234 MAR
100 ## - MAIN ENTRY--AUTHOR NAME
Personal name Martin, Stephen
245 ## - TITLE STATEMENT
Title The Economics of Offsets Defence Procurement and Coutertrade
Statement of responsibility, etc / Stephen Martin
260 ## - PUBLICATION, DISTRIBUTION, ETC. (IMPRINT)
Place of publication Routledge
Year of publication 2007.
300 ## - PHYSICAL DESCRIPTION
Number of Pages 417 pages.
650 ## - SUBJECT ADDED ENTRY--TOPICAL TERM
Topical Term Economics
942 ## - ADDED ENTRY ELEMENTS (KOHA)
Koha item type English Books
Holdings
Withdrawn status Lost status Damaged status Not for loan Home library Current library Shelving location Date acquired Full call number Accession Number Price effective from Koha item type
        Anna Centenary Library Anna Centenary Library 4TH FLOOR, B WING 27.04.2026 382.456234 MAR 175443 27.04.2026 English Books

Find us on the map